Multiple Choice: Who Directed that Movie? - Statistics

General Stats
  • This quiz has been taken 841 times
  • The average score is 7 of 10
Answer Stats
Question Answer % Correct
Psycho (1960) Alfred Hitchcock
99%
Kill Bill Vol. 1 (2003) Quentin Tarantino
99%
The Dark Knight (2008) Christopher Nolan
95%
Annie Hall (1977) Woody Allen
81%
Citizen Kane (1941) Orson Welles
80%
Metropolis (1927) Fritz Lang
65%
Once Upon a Time in America (1984) Sergio Leone
57%
Star Wars: The Force Awakens (2015) J.J. Abrams
56%
American Sniper (2014) Clint Eastwood
49%
Drive (2011) Nicolas Winding Refn
36%
No matching quizzes found
Score Distribution
Percent of People with Each Score
Percentile by Number Answered
Your Score History
You have not taken this quiz